Obálka Náhled e-knihy:
PDF Epub
Pro půjčování e-knih musíte být přihlášeni.
Jak si půjčit online?

Amnézie /

Další případ z krimisérie francouzského autora. Vyšetřovatelka Lucie Henebellová se snaží zjistit, co se stalo neznámé ženě trpící poruchou paměti, kterou kdosi napadl.

Uloženo v:
Série:Lucie Henebellová, část 2
Hlavní autor: Thilliez, Franck, 1973- (Autor)
Další autoři: Carrière, Blanka, 1973- (Autor)
Médium: E-kniha
Jazyk:Czech
Vydáno: Praha : XYZ, 2025
Vydání:První vydání
Témata:
Příbuzné jednotky:Z cyklu:: Lucie Henebellová
Tagy:
Žádné tagy
LEADER 02550nam a2200469 i 4500
001 312852
003 CZ PrSKC
005 20260601215729.0
007 ta
008 251020s2025 xr g 000 f cze
015 |a cnb003715851 
020 |a 9788076839304  |q (vázáno) :  |c Kč 499,00 
035 |a (OCoLC)1559931754 
040 |a ABG001  |b cze  |d ABA001  |e rda 
041 1 |a cze  |h fre 
072 7 |a 821.133.1-3  |x Francouzská próza, francouzsky psaná  |2 Konspekt 
080 |a 821.133.1-31  |2 MRF 
080 |a (0:82-312.4)  |2 MRF 
100 1 |a Thilliez, Franck,  |d 1973-  |7 xx0097934  |4 aut 
240 1 0 |a Mémoire fantôme.  |l Česky 
245 1 0 |a Amnézie /  |c Franck Thilliez ; z francouzského originálu La mémoire fantôme ... přeložila Blanka Carrière 
250 |a První vydání 
264 1 |a Praha :  |b XYZ,  |c 2025 
300 |a 364 stran ;  |c 21 cm 
336 |a text  |b txt  |2 rdacontent 
337 |a bez média  |b n  |2 rdamedia 
338 |a svazek  |b nc  |2 rdacarrier 
520 2 |a Další případ z krimisérie francouzského autora. Vyšetřovatelka Lucie Henebellová se snaží zjistit, co se stalo neznámé ženě trpící poruchou paměti, kterou kdosi napadl.  |b V zuřící bouři se potácí žena s krvavým nápisem na ruce. Je naprosto zmatená a nic si nepamatuje déle než čtyři minuty. Bez jejího elektronického organizéru se jí vše po chvíli rozpadá- slova, tváře, zvuky, vzpomínky. Proč má na zápěstích stopy po provazech? Co znamenají její jizvy? Co ji pojí se šesti oběťmi, které kdosi před čtyřmi lety krutě mučil a skalpoval? Nakladatelská anotace. Kráceno. 
655 7 |a francouzské romány  |7 fd132289  |2 czenas 
655 7 |a detektivní romány  |7 fd132010  |2 czenas 
655 7 |a thrillery (romány)  |7 fd184206  |2 czenas 
655 9 |a French fiction  |2 eczenas 
655 9 |a detective novels  |2 eczenas 
655 9 |a thrillers (novels)  |2 eczenas 
700 1 |a Carrière, Blanka,  |d 1973-  |7 mzk2006337068  |4 trl 
787 0 8 |i Z cyklu:  |t Lucie Henebellová  |g 2 
900 |a ABA001  |b 21 
928 9 |a Albatros Media - XYZ 
044 |a xr 
910 |a RBIT002 
998 |d 423256  |a https://core.palmknihy.cz/api/books/423256/cover?t4j6bn  |b https://core.palmknihy.cz/api/books/423256/cover/400?t4j6bn  |c https://core.palmknihy.cz/api/books/423256/cover/50?t4j6bn  |e 2029-02-07  |g 368  |i 9788076839304  |j https://core.palmknihy.cz/api/books/423256/preview.epub  |k https://core.palmknihy.cz/api/books/423256/preview.pdf  |l   |q 49  |r 1  |s https://www.palmknihy.cz/kniha/423256  |t ebook  |y 2025  |z 0  |v Lucie Henebellová  |w 2 
999 |d 312850